Egy speciális- gyógyászati célra szánt- tápszer tervezett marketingkommunikációjának fejlesztése, különös tekintettel az online betegkommunikációra

Bibliográfiai részletek
Szerző: Szőke Csilla
További közreműködők: Brávácz Dr. Ibolya
Dokumentumtípus: Diplomadolgozat
Kulcsszavak:speciális- gyógyászati célra szánt tápszer
betegkommunikáció
OTC termékek
Marketingkommunikáció
Online marketing
Online Access:http://dolgozattar.uni-bge.hu/4296

MARC

LEADER 00000nta a2200000 i 4500
001 dolg4296
005 20160129131506.0
008 151209suuuu hu om 000 hun d
040 |a BGE Dolgozattár Repozitórium  |b hun 
041 |a hu 
100 1 |a Szőke Csilla 
245 1 0 |a Egy speciális- gyógyászati célra szánt- tápszer tervezett marketingkommunikációjának fejlesztése, különös tekintettel az online betegkommunikációra  |c Szőke Csilla  |h [elektronikus dokumentum] 
695 |a speciális- gyógyászati célra szánt tápszer 
695 |a betegkommunikáció 
695 |a OTC termékek 
695 |a Marketingkommunikáció  
695 |a Online marketing 
700 1 |a Brávácz Dr. Ibolya  |e ths 
856 4 0 |u http://dolgozattar.uni-bge.hu/4296/1/Szakdolgozat.pdf  |z Dokumentum-elérés